[Event "Haifa"]
[Site "Haifa"]
[Date "1995.??.??"]
[Round "6"]
[White "Yudasin, Leonid"]
[Black "Greenfeld, Alon"]
[Result "1-0"]
[WhiteElo "2615"]
[BlackElo "2580"]
[Annotator "Svidler,P"]
[PlyCount "59"]
[EventDate "1995.01.??"]
[EventType "tourn"]
[EventRounds "11"]
[EventCountry "ISR"]
[EventCategory "14"]
[SourceTitle "CBM 046"]
[Source "ChessBase"]
[SourceDate "1995.06.01"]
[SourceVersion "1"]
[SourceVersionDate "1995.06.01"]
[SourceQuality "1"]

1. e4 c5 2. Nf3 Nc6 3. Bb5 e6 4. O-O Nge7 5. Nc3 a6 6. Bxc6 Nxc6 7. d4 cxd4 8.
Nxd4 d6 9. Re1 Be7 (9... Bd7 10. Nxc6 bxc6 11. e5 d5 12. Qg4 h5 13. Qg3 h4 14.
Qg4 h3 15. g3 Qb6 16. a3 c5 $132 {Yudasin,L-Salov,V/Tulburg/1993/1:0/46/}) 10.
Nxc6 bxc6 11. Qg4 Kf8 (11... Bf6 $2 12. e5 dxe5 (12... Bxe5 13. Rxe5 dxe5 14.
Qxg7 Rf8 15. Bh6 Qe7 16. Qxe5 Rg8 (16... f6 17. Bxf8 $18) 17. Ne4 $18) (12...
h5 13. Qg3 h4 14. Qg4 $16 dxe5 15. Ne4 $18) 13. Ne4 $18 O-O 14. Rd1 h5 (14...
Qe7 15. Be3 $18) 15. Qxh5 Qe7 16. Bg5 Rd8 17. Bxf6 gxf6 18. Qh6 {Kostyra,
S-Kaliszewski,T/Warsaw op/1993/1:0/18/}) 12. b3 d5 (12... e5 13. Qg3 h5 14. h3
g5 15. Ba3 Qa5 16. Na4 Be6 17. Rad1 Rd8 18. Re2 f6 19. Qe3 Kf7 20. Red2 Qc7 $13
{Yuldashev,S-Anastasian,A/Luzern Wcht/1993/0:1/51/}) 13. Qg3 h5 $6 (13... Bh4
14. Qd3 d4 15. Ba3+ Kg8 16. Na4 e5 17. c3 $16) (13... f6 $5 14. e5 Kf7 $13 (
14... f5 15. Na4 c5 16. Ba3 Qc7 17. Qc3 $16)) 14. Na4 h4 15. Qc3 $1 Rb8 (15...
Bf6 16. Ba3+ Kg8 17. e5 $16) 16. Be3 h3 (16... Bb4 17. Bc5+ $16) 17. g3 Rb4 18.
Bd4 $1 e5 (18... f6 19. e5 f5 (19... Kf7 20. exf6 gxf6 21. Bxf6 d4 22. Qxb4 $18
) 20. Bc5 $16) 19. Bxe5 d4 20. Qd3 f6 21. Bf4 $18 c5 22. Rad1 Bg4 23. c3 (23.
f3 c4 24. Qe2 $18) 23... Rxa4 24. bxa4 Bxd1 25. Rxd1 Rh5 26. Qxa6 Qd7 27. Qe2
g6 28. Be3 $1 Qe6 29. cxd4 Qxe4 $2 $138 30. Bh6+ 1-0

[Event "Groningen op"]
[Site "Groningen"]
[Date "1993.??.??"]
[Round "6"]
[White "Svidler, Peter"]
[Black "Zyla, Janusz"]
[Result "1-0"]
[WhiteElo "2495"]
[BlackElo "2320"]
[Annotator "Svidler,P"]
[PlyCount "51"]
[EventDate "1993.12.??"]
[EventType "swiss"]
[EventRounds "11"]
[EventCountry "NED"]
[SourceTitle "CBM 039"]
[Source "ChessBase"]
[SourceDate "1994.04.01"]
[SourceVersion "1"]
[SourceVersionDate "1994.04.01"]
[SourceQuality "1"]

1. e4 c5 2. Nf3 e6 3. Nc3 Nc6 4. Bb5 Nd4 5. O-O a6 6. Bd3 Ne7 7. Nxd4 cxd4 8.
Ne2 d5 $5 9. exd5 (9. Nxd4 $2 dxe4 $19) (9. c3 $2 dxe4 10. Bxe4 d3 $1 11. Nf4 (
11. Ng3 f5 12. Bf3 e5 $17) 11... e5 $1 12. Nxd3 f5 13. Bxf5 Bxf5 14. Nxe5 Qd5
$15) (9. Re1 $5 {/\ 10.Nd4 de4 11.Re4} Nc6 $13) 9... Qxd5 (9... Nxd5 10. c3 (
10. Nxd4 Nb4 $15) 10... dxc3 11. dxc3 g6 (11... Be7 12. Qc2 g6 13. Bh6 $14) 12.
Be4 $14) 10. c3 Nc6 (10... dxc3 11. dxc3 Nc6 12. Qc2 $14) 11. Qc2 {/\ Be4} f5 (
11... Qd6 12. Be4 $14) (11... Bd6 $5 12. Be4 $140 $2 Bxh2+ 13. Kxh2 Qh5+ $13)
12. cxd4 b5 (12... Nxd4 13. Qa4+ Nc6 14. Bc4 Qd6 15. d4 Bd7 16. Qd1 $14) 13.
Re1 $1 (13. Nc3 Qd6 14. d5 Nb4 $17) (13. Nf4 Qd6 $15) 13... Nb4 (13... Be7 $5
14. Qc3 $1 {/\ Bc2-b3} (14. Qb3 $6 Qxb3 15. axb3 Rb8 $15 16. d5 $140 Nb4 $17)
14... Bb4 15. Qb3 $1 Qxb3 16. axb3 $16 {/\ d5, /\ Bb5}) (13... Qd6 14. a4 $5
$13) 14. Qc3 Nxd3 (14... Bd6 15. Bb1 $1 Bb7 16. Qh3 O-O (16... g5 17. Nc3 $18)
17. a3 g5 (17... Nc6 18. Ba2 $18) 18. Nc3 $1 $18 (18. axb4 g4 19. Nc3 gxh3 20.
Nxd5 Bxd5 $36)) 15. Qxd3 Bc5 $1 (15... Be7 16. Nf4 Qd6 17. Qe3 $16) 16. b3 (16.
Nf4 Qxd4 17. Qxd4 Bxd4 18. Nxe6 Bxe6 19. Rxe6+ Kd7 20. Re2 Rhe8 21. Rxe8 Rxe8
22. Kf1 Ke6 $1 $10 23. d3 $140 Rc8) 16... O-O 17. Bb2 {/\ Nf4, dc5} Bb6 $2 (
17... Bd6 $1 $8 18. Nc3 Qb7 $44) 18. Qg3 $1 $16 Qd7 $8 19. d5 $1 exd5 20. Nf4
d4 (20... Bc7 21. Be5 $16) 21. Ba3 Rf7 (21... Re8 22. Nh5 $1 $18) 22. Nd5 $1
Bd8 (22... f4 23. Qf3 Bd8 24. Nb6 Bxb6 25. Qxa8 {/\ Rac1}) 23. Re5 $18 f4 (
23... Bb7 24. Rae1 Bh4 25. Qxh4 Bxd5 26. Qxd4 Bc6 27. Qf4 Rd8 28. d4 $1 $18 {
/\ Bc5, f3, Re7} Qxd4 $2 29. Qxd4 Rxd4 30. Re8+ $18) 24. Rae1 $1 Be7 $8 25.
Nxe7+ (25. Qf3 Bxa3 26. Nb6 Bb7 $1 $13) 25... Rxe7 (25... Qxe7 26. Qf3 $1 $18)
26. Qxf4 (26. Qxf4 Rxe5 (26... Rf7 27. Re8+) 27. Qf8#) 1-0

[Event "Moscow Tal Memorial 8th"]
[Site "Moscow"]
[Date "2013.06.17"]
[Round "4"]
[White "Anand, Viswanathan"]
[Black "Gelfand, Boris"]
[Result "1/2-1/2"]
[WhiteElo "2786"]
[BlackElo "2755"]
[Annotator "Szabo,Kr"]
[PlyCount "80"]
[EventDate "2013.06.13"]
[EventType "tourn"]
[EventRounds "9"]
[EventCountry "RUS"]
[EventCategory "22"]
[SourceTitle "CBM 155"]
[Source "ChessBase"]
[SourceDate "2013.07.16"]
[SourceVersion "1"]
[SourceVersionDate "2013.07.16"]
[SourceQuality "1"]

1. e4 c5 2. Nf3 Nc6 3. Bb5 e6 4. O-O Nge7 5. Re1 {This line has become very
popular nowadays.} (5. c3 {is another possibility} a6 6. Ba4 b5 7. Bc2 {.})
5... a6 6. Bf1 d5 7. exd5 Nxd5 8. d4 Nf6 {Black does not go for c4 and puts
pressure on the d4 P.} (8... Be7 9. dxc5 {is also popular.}) 9. Be3 Be7 ({
Before Gelfand tried} 9... cxd4 {against Carlsen. Now he wants to improve with
the text move.}) 10. c4 O-O 11. Nc3 cxd4 12. Nxd4 Ne5 $146 {The first novelty
by Gelfand. He is one of the greatest experts in this line. Last year in his
match against Anand the Sveshnikov Variation was his main weapon with Black.} (
{Before only} 12... Bd7 {was played.} 13. a3 (13. Qe2 Qc7 14. Rad1 Rad8 (14...
Nxd4 $5 15. Bxd4 Bc6) 15. h3 Rfe8 (15... Nxd4 $5 16. Bxd4 Bc6 $13) 16. Nb3 h6
$5 17. Rd2 (17. Na4 Nd4 $13) 17... Bc8 $5 18. Rxd8 Rxd8 19. Rd1 {
Fressinet-Radjabov, Cap d'Agde 2006, with an equal position.}) 13... Qc7 14. b4
Rfd8 15. Qe2 Bd6 16. g3 Be5 17. Rad1 Rac8 18. h3 Be8 19. Nxc6 Rxd1 20. Rxd1
Bxc6 21. Bb6 Qb8 22. Qe3 Nd7 23. Bd4 $14 {Lu Shanglei-Yu Yangyi, Danzhou 2013,
with a slight advantage for White.}) 13. h3 {Preventing ...Ng4.} Bd7 14. Rc1
Rc8 15. Qb3 Qc7 16. Na4 Rcd8 17. Qb6 Qxb6 (17... Qc8 {was an interesting
alternative, if Black wants to keep the Q on the board.} 18. Qa5 (18. Qb3 Qc7 {
is only a repetition.}) 18... Qb8 19. Nc5 Bc8 {and Black has a solid position.}
) 18. Nxb6 Be8 19. a3 {White has gained some space, but it is not easy to
maintain the pressure.} Ned7 20. Nb3 Nxb6 21. Bxb6 Rc8 22. Be3 {Threatening
with Na5.} ({In the event of} 22. Na5 Nd7 {Black has arrived just in time.})
22... Rb8 {A prophylactic move. Now Black wants to play Ba4.} 23. Bc5 ({
Probably} 23. g3 {was the most exact answer} Ba4 24. Nc5 (24. Bc5 Rfe8 25. Bxe7
Rxe7 26. Nc5 Bc6) 24... Bc6 25. Bg2 Rfc8 26. Nd3 {with only a slight advantage
for White.}) 23... Bxc5 24. Nxc5 Bc6 {The exchange of the dark-squared B helps
Black, because after Rfc8 and Kf8-e7 his K comes quickly to the centre.} 25. b4
Rfc8 26. Red1 Kf8 27. f3 Ke7 $11 {With a few precise moves Gelfand has
levelled the position.} 28. Kf2 Nd7 29. Nxd7 Bxd7 30. c5 Ba4 31. Rd3 Rd8 32.
Ke3 Bb5 33. Rxd8 Rxd8 34. Bxb5 axb5 35. c6 bxc6 36. Rxc6 Ra8 37. Rb6 Rxa3+ 38.
Kf4 f5 39. Rxb5 Kf6 40. h4 Rd3 1/2-1/2

[Event "ISR-chT"]
[Site "Ramat Aviv"]
[Date "2000.03.10"]
[Round "5.2"]
[White "Polgar, Judit"]
[Black "Tsesarsky, Ilya"]
[Result "1/2-1/2"]
[WhiteElo "2658"]
[BlackElo "2458"]
[Annotator "Tsesarsky,I"]
[PlyCount "83"]
[EventDate "2000.01.14"]
[EventType "team"]
[EventRounds "11"]
[EventCountry "ISR"]
[SourceTitle "CBM 075"]
[Source "ChessBase"]
[SourceDate "2000.04.05"]
[SourceVersion "1"]
[SourceVersionDate "2000.04.05"]
[SourceQuality "1"]
[WhiteTeam "Rishon Le Zion Kasparov"]
[BlackTeam "Jerusalem Elitzur"]
[WhiteTeamCountry "ISR"]
[BlackTeamCountry "ISR"]

{[%mdl 256]} 1. e4 c5 2. Nf3 Nc6 3. Bb5 e6 4. O-O Nge7 5. b3 Ng6 6. Bb2 f6 7.
Re1 {Another plans:} ({immediately} 7. d4 cxd4 8. Nxd4 Bc5 (8... Be7 9. Nxc6
bxc6 10. Bd3 Qc7 11. Qh5 O-O 12. g3 $132 {0-1 Seifert,H-Ionov,S/Katowice op
1991 (35)}) (8... Bc5 9. c3 (9. Qd2 Qb6 10. Nxc6 Qxb5 $11 (10... bxc6 11. Bd3
d5 $11) (10... dxc6 11. Bc4 O-O 12. Rd1 Kh8 13. Ba3 Ne5 14. Bf1 $14 {0-1 Blees,
A-Nijboer,F/Brussels zt 1993 (27)})) (9. Kh1 O-O 10. c3 a6 11. Bxc6 dxc6 12. b4
Ba7 13. Qb3 Kh8 14. Rd1 Qe8 15. Qc2 e5 16. Nf5 Nf4 17. f3 Be6 $11 {0-1 Tate,
E-Shabalov,A/Portsmouth USA 2000/The Week in Chess 278 (28)}) 9... Qb6 (9...
O-O 10. Ba3 (10. Nd2 a6 11. Bd3 Qc7 12. Re1 b6 13. Rc1 Bb7 $11 {1/2-1/2 Ashley,
M-Khan,A/World Open, Philadelphia USA 1998 (32)}) 10... Qb6 11. Bxc5 Qxc5 12.
a4 a5 13. Qd2 b6 $11 {1/2-1/2 Fries-Nielsen,J-Holmsgaard,H/Taastrup 1998 (19)})
10. a4 O-O 11. Nd2 d5 12. exd5 exd5 13. N2f3 (13. a5 $2 Nxa5 $17 (13... Qc7 14.
N2f3 Nce5 15. h3 a6 16. Be2 Bd7 $132 {1/2-1/2 Rozentalis,E-Komarov,D/EUCup f
Budapest 1996 (38)})) 13... Re8 $11) (8... Nxd4 9. Qxd4 (9. Bxd4 Qc7 10. Re1
Bd6 11. h3 O-O 12. Nc3 a6 13. Bf1 b5 14. Re3 Bb7 $15 {0-1 Cremer,
J-Kalinitschew,S/Werther GER 1999 (21)}) 9... Qc7 10. Nc3 Bc5 11. Qd2 a6 12.
Bd3 O-O 13. Kh1 b5 14. f4 Bb7 $11 {1-0 Jansa,V-Nun,J/CZE-chT 1994 (42)}) (8...
Qc7 9. Re1 (9. Nf3 Be7 10. Qd2 O-O 11. Rd1 Nce5 12. Nxe5 Nxe5 13. Ba3 Bxa3 14.
Nxa3 a6 15. Be2 Qc6 (15... b5 16. c4 bxc4 17. Nxc4 Nxc4 18. Bxc4 $14) (15... f5
16. exf5 Rxf5 17. Nc4 Nxc4 18. Bxc4 d5 19. Bd3 $14) 16. Qd4 b5 $11 {1/2-1/2
Comp Risc 25-Dekker,A/NLD-ch op 1992 (63)}) (9. Nc3 Be7 10. Nce2 O-O 11. f4
Nxd4 12. Bxd4 a6 13. Bd3 b5 14. f5 Ne5 15. Nf4 Bc5 16. Bxc5 Qxc5+ 17. Kh1 exf5
18. exf5 Bb7 19. Qh5 Rae8 $15 {0-1 Skripchenko-Lautier,A-Shumiakina,T/Kishinev
1998 (69)}) 9... Bd6 10. g3 (10. Qh5 Be5 11. c3 O-O $132) 10... O-O 11. Bf1 a6
12. c4 Bc5 (12... Be5 13. f4 Nxd4 14. Bxd4 Bxd4+ 15. Qxd4 e5 16. Qd5+ Rf7 17.
fxe5 Nxe5 $11) 13. Nc2 (13. Qd2 Nge5 14. Bg2 b5 15. cxb5 axb5 16. Nxb5 Qb6 17.
a4 Ba6 $132) 13... b5 $1 14. Nc3 bxc4 15. Bxc4 Nge5 16. Bf1 Qa7 17. Ne3 Bb7 (
17... d6 18. Rc1 Bb7 19. Bh3 Rfe8 $132) 18. Na4 (18. Rc1 Rac8 19. Na4 Bb4 $132)
18... Bb4 (18... Bd4 19. Rc1 d6 $132) 19. Bc3 Bxc3 20. Nxc3 f5 $1 (20... Qd4 $2
21. Rc1 $14 {.... 0-1 Krays,A-Tsesarsky,I/Ashkelon 1997/CBM 62/ (29)}) 21. Bg2
(21. exf5 Nd4 $19) 21... f4 22. gxf4 Rxf4)) ({Or to prepare d2-d4} 7. c3 a6 8.
Be2 $5 (8. Bxc6 $6 bxc6 (8... dxc6 9. d4 Be7 10. Nbd2 O-O 11. Qc2 e5 12. dxe5
fxe5 13. c4 Qc7 14. Rfe1 Bf6 $11 {1/2-1/2 Jansa,V-Naumann,A/2.BLO 1995 (86)})
9. d4 d5 10. Nbd2 Be7 $11 {1-0 Shabanov,Y-Drozdov,I/Moscow6 1991 (60)}) 8... d5
$1 (8... Bd6 $5 9. d4 O-O (9... Nf4 $5 10. d5 Ne5 11. dxe6 dxe6 12. Nxe5 Nxe2+
13. Qxe2 Bxe5 14. f4 Bc7 $132) 10. Nbd2 Be7 11. d5 Nce5 $11 (11... exd5 12.
exd5 Nce5 13. Nxe5 fxe5 14. c4 (14. d6 Bxd6 15. Ne4 Be7 16. Nd6 Kh8 17. Bh5
Bxd6 18. Bxg6 Rf6 19. Be4 $44 {1/2-1/2 Miljanic,B-Ivanovic,B/JUG-ch 1990 (40)})
14... d6 15. Bg4 $14)) (8... Nf4 $5 9. d4 cxd4 10. cxd4 d5 11. Nc3 Bd6 12. Rc1
O-O $132) 9. exd5 Qxd5 $1 (9... exd5 $6 10. d4 cxd4 11. Nxd4 Bc5 (11... Bd6 $6
12. c4 $1 Be5 13. Re1 $1 (13. Na3 $2 Bxd4 $1 (13... Qb6 $2 14. Nac2 {1/2-1/2
Zalkind,K-Tsesarsky,I/Petah Tikva 1998/CBM 63/ (15)}) 14. Bxd4 dxc4 $11) 13...
Qc7 14. cxd5 Nxd4 15. Bxd4 Bxh2+ 16. Kh1 Be5 17. Na3 $14) 12. Bg4 Bxd4 13. cxd4
O-O 14. Nc3 Bxg4 15. Qxg4 Re8 $11 {1/2-1/2 Paresishvili,G-Perunovic,M/Cala
Caldana b-12 1996 (42)}) 10. d4 Be7 (10... Nf4 11. Re1 Qh5 $5 $132 (11... Qf5
12. Bf1 Bd6 13. Nbd2 cxd4 $11) (11... Nxe2+ 12. Qxe2 cxd4 13. Nxd4 Nxd4 14.
cxd4 Bb4 $11)) (10... cxd4 11. c4 (11. cxd4 Bb4 12. a3 Ba5 13. b4 Bc7 $132)
11... Qd7 12. Nxd4 Nxd4 13. Bxd4 e5 14. Be3 Bb4 $11) 11. c4 (11. Re1 cxd4 12.
cxd4 Nf4 13. Bc4 Qf5 $132) 11... Qd7 12. d5 exd5 13. cxd5 Nb4 $11) (7. h4 Bd6
8. Bxc6 bxc6 9. d3 O-O 10. Nbd2 Bc7 11. g3 e5 12. h5 Ne7 13. Nh4 d5 $11 {
0-1 Maiwald,J-Boensch,U/BL 1995 (31)}) 7... Qc7 (7... Be7 $144 8. d4 (8. Nc3
O-O 9. Bf1 d6 $5 $132 (9... b6 10. g3 Bb7 11. Bg2 Rc8 $11 {1-0
Skotorenko-Severinov/corr Ukraine-10ch 1982 (47)}) (9... Nd4 10. Nxd4 cxd4 11.
Ne2 e5 12. c3 d5 13. exd5 d3 14. Nc1 e4 15. Rxe4 Bf5 16. Re3 Bc5 17. Bxd3 Bxe3
18. dxe3 Bxd3 19. Qxd3 f5 20. c4 $18 {1-0 Riedner,M-Sammalvuo,T/Ringsted 1992 
(39)})) (8. c3 O-O (8... a6 9. Bf1 Nce5 10. d4 (10. Nxe5 fxe5 11. d4 cxd4 12.
cxd4 O-O 13. Nd2 exd4 14. Bxd4 b5 $132 {1/2-1/2 Eusebe,A-Lazarev,V/Paris 1998 
(33)}) 10... Nxf3+ 11. Qxf3 O-O 12. Nd2 b6 13. Rad1 Qc7 14. Qg3 Bd6 15. Qh3 b5
$132 {1/2-1/2 Mainka,R-Kalinichev,S/Dresden 1994 (22)}) (8... Qb6 $6 9. Bf1
Nge5 10. Na3 O-O 11. Nc4 Nxc4 12. Bxc4 Ne5 13. Nxe5 fxe5 14. d4 cxd4 15. cxd4
$14 {1-0 Akopian,V-Kurajica,B/Ubeda 1996/Inf 66/[Akopian,Vl] (42)}) 9. d4 a6
10. Bf1 d5 11. Nbd2 (11. exd5 exd5 12. dxc5 Bxc5 13. Nd4 Qb6 $11 {1/2-1/2
Iordachescu,V-Wells,P/Dresden op 1996 (21)}) 11... cxd4 12. cxd4 Bd7 13. a3 Na7
14. exd5 exd5 15. g3 Re8 16. Bg2 Bf8 $11 {1/2-1/2 Timoshchenko,G-Verdikhanov,V/
Nikolaev zt 1993 (52)}) 8... cxd4 9. Nxd4 O-O (9... Bc5 10. Nxc6 dxc6 11. Qxd8+
Kxd8 12. Bf1 Kc7 {1/2-1/2 Borge,N-Schandorff,L/Taastrup 1998/CBM 65 (12)}) 10.
Nc3 (10. Bf1 Bc5 $11 {1/2-1/2 Westerinen,H-Nedev,T/EuT-ch, Pula CRO 1997 (34)})
(10. a4 a6 11. Bf1 Qb6 12. Nxc6 dxc6 13. Ba3 Rd8 14. Qf3 Qc7 15. Qe3 c5 $11 {
1-0 Eusebe,A-Fiol,F/It, Bagneux FRA 1998 (34)}) 10... Qc7 11. Bf1 a6 12. g3 b5
13. Bg2 Bb7 $11 {0-1 Fuesthy,Z-Bielczyk,J/Berlin 1988 (42)}) 8. Bxc6 ({more
flexible is} 8. Bf1 $5 Be7 9. c4 O-O (9... e5 10. Nc3 d6 11. Nd5 Qd8 12. Ne3
O-O $11) 10. Nc3 Nge5 11. Nb5 $5 (11. Nxe5 fxe5 12. d3 d6 $11) 11... Qb6 12. d3
a6 13. Na3 Bd6 $1 (13... Qa7 $5 14. Nc2 b5 $5 {0-1 Krays,A-Tsesarsky,I/Petah
Tikva 1998/CBM 63/ (72)}) 14. Nd2 Nf7 15. Nc2 (15. Nf3 Nfe5 $11) 15... Be5 $11)
(8. c3 {[%cal Gd2d4]} Be7 9. d4 O-O 10. Bf1 a6 11. d5 (11. Nbd2 b6 $11 (11...
b5 $6 12. a4 $1 Rb8 13. d5 Nce5 14. axb5 axb5 15. c4 b4 (15... bxc4 16. Nxe5
fxe5 17. Bxc4 $14) 16. Nxe5 fxe5 17. g3 d6 18. Qh5 Nh8 19. Ra2 Nf7 20. Rea1 $14
{0-1 Smirin,I-Nijboer,F/Tilburg 1993 (43)})) 11... Nce5 12. Nxe5 Nxe5 13. c4
Nf7 14. Nc3 Bd6 15. g3 Be5 16. Qc2 Bd4 $11 {0-1 Smirin,I-Tseshkovsky,V/URS-FL
Sverdlovsk 1987 (41)}) (8. Nc3 Bd6 9. Bxc6 bxc6 10. Na4 O-O 11. d3 Be7 12. Ba3
d6 13. c3 e5 14. d4 cxd4 15. cxd4 Bg4 16. h3 (16. d5 cxd5 17. Qxd5+ Kh8 18.
Rac1 Qd7 19. Re3 $11) 16... Bxf3 17. Qxf3 exd4 18. Qd1 c5 19. b4 $44 {0-1
Zapolskis,A-Sveshnikov,E/Riga op 1995 (57)}) 8... bxc6 9. d3 $6 $15 {After
this move Black stay better} (9. e5 $5 Be7 $5 (9... fxe5 10. Nxe5 Nxe5 (10...
Bd6 11. Qh5 O-O 12. Nxg6 hxg6 13. Qh4 $14) 11. Bxe5 d6 12. Bb2 Qf7 13. Qg4 h5
$1 {[%csl Yg7]} (13... Rb8 14. d3 e5 (14... Rb4 15. c4) 15. Qe4 Rb6 16. f4 Be7
17. fxe5 O-O 18. Nc3 (18. Qe2 Bg4 $17) 18... Qf2+ 19. Kh1 $16) 14. Qe4 Bd7 15.
d4 cxd4 (15... d5 16. Qe3 $14) 16. Bxd4 Be7 17. c4 O-O 18. Nc3 c5 19. Be3 Rac8
20. Rad1 Bc6 $11) 10. d4 $1 $132 (10. exf6 gxf6 11. h4 Rg8 12. Kh1 Qf4 $17 {
0-1 Jusic,Z-Hardicsay,P/Werfen op 1989 (27)})) ({It is interesting also} 9. d4
cxd4 10. Nxd4 Bd6 11. Qh5 O-O $132) 9... d6 $1 {[%csl Ye5][%cal Ge6e5]} (9...
Be7 $6 10. e5 $5 $132) 10. Nbd2 $6 ({It was necessary to play} 10. d4 cxd4 11.
Nxd4 c5 $15) 10... Be7 11. Nc4 (11. d4 cxd4 12. Nxd4 c5 $15) 11... O-O 12. Bc3
(12. d4 cxd4 13. Nxd4 d5 $15) 12... e5 {[%cal Gf6f5]} (12... d5 13. Ba5 Qd7 14.
Ne3 f5 $132) ({Interesting was} 12... a5 $5 13. Qd2 (13. a4 d5 $15) 13... d5 (
13... a4 14. bxa4 Rxa4 15. Reb1 $132) 14. Bxa5 Qa7 15. Nb6 Qxa5 16. Nxa8 Qxa8
$15) 13. Ba5 (13. Ne3 f5 14. exf5 Bxf5 15. Nxf5 Rxf5 $15 {[%cal Ga8f8]}) 13...
Qb7 14. Bd2 f5 15. Bg5 (15. Ng5 Bxg5 (15... h6 16. Qh5 Rf6 17. exf5 Bxf5 18.
Ne4 Bxe4 19. dxe4 Raf8 20. Rad1 $14 {[%csl Rd6]}) 16. Bxg5 Qc7 17. Qe2 (17. Qh5
Be6 18. Rad1 fxe4 19. dxe4 Bxc4 20. bxc4 Nf4 $15) 17... h6 18. Qh5 Kh7 $15 (
18... Ne7 19. Bxe7 Qxe7 20. f4 $14)) 15... Be6 (15... h6 $5 16. Bxe7 (16. Bc1
Be6 $15) 16... Qxe7 17. a3 {[%cal Gb3b4]} Nf4 $1 $40) 16. Na5 $1 Qd7 17. Bxe7
Qxe7 (17... Nxe7 $6 18. Ng5 fxe4 19. dxe4 $11) 18. b4 $1 (18. Nxc6 Qc7 19. Ng5
Nf4 20. g3 h6 21. Nxe6 Nxe6 $17) 18... cxb4 (18... Qc7 19. Ng5 Nf4 20. g3 h6
21. gxf4 hxg5 22. exf5 Bxf5 23. fxe5 cxb4 24. Nc4 $132) 19. Nxc6 Qb7 20. Na5 (
20. Ng5 Qxc6 (20... Nf4 21. Na5 Qb6 $17) 21. Qh5 Rf6 (21... h6 22. Qxg6 hxg5
23. Qxe6+ Kh7 24. exf5 Rf6 25. Qb3 Rxf5 26. Qxb4 Qxc2 27. f3 $14) 22. Qxh7+ Kf8
23. Nxe6+ Rxe6 24. exf5 Nf4 25. Qh8+ Kf7 26. fxe6+ Kg6 $17) 20... Qb6 $6 $11 (
20... Qc7 $1 21. Ng5 Nf4 22. Nxe6 Nxe6 23. Nb3 a5 24. a3 a4 25. Nd2 Nd4 $17)
21. Ng5 $1 Nf4 22. Nxe6 Nxe6 23. Nc4 Qc5 (23... Qd4 24. exf5 Rxf5 25. Ne3 Rf6
26. a3 $11) 24. exf5 Rxf5 25. Ne3 Rf4 26. f3 $6 $15 (26. Qb1 $1 Nd4 (26... Raf8
27. Qb3 R8f6 28. f3 Kh8 29. Qd5 $11) 27. a3 $11) 26... Nd4 27. a3 Nf5 $6 $11 {
Now draw is forced} ({Strong was} 27... bxa3 $1 {Polgar J, Sutovsky E} 28. Qc1
(28. c3 $2 Qxc3 29. Nd5 Qc5 30. Nxf4 Nxf3+ (30... Ne2+ 31. Kh1 Nxf4 32. Qb3+
$14) 31. Kh1 Nxe1 32. Ne6 Qf2 $1 {Polgar J} (32... Qd5 $2 33. Qg4 Qxg2+ 34.
Qxg2 Nxg2 35. Kxg2 Kf7 36. Ng5+ Kf6 37. Ne4+ Ke6 38. Rxa3 a5 $14) 33. Qxe1
Qxe1+ 34. Rxe1 Rb8 $19 {[%csl Re6][%cal Ga3a2,Gb8b1]}) 28... Nf5 (28... a5 29.
Qxa3 Qxa3 30. Rxa3 a4 $15) 29. Qxa3 Qxa3 30. Rxa3 Nxe3 31. Rxe3 a5 $15) 28.
axb4 Rxb4 29. c3 Rb2 30. d4 Nxe3 (30... exd4 31. Nxf5 Qxf5 (31... dxc3+ 32. Ne3
$16) 32. Qxd4 Qg5 $132) 31. dxc5 Nxd1 32. Raxd1 dxc5 33. Rxe5 a5 34. Rd7 a4 35.
Ree7 a3 36. Rxg7+ Kh8 37. Rxh7+ Kg8 38. Rhg7+ Kh8 39. Rh7+ Kg8 40. Rdg7+ Kf8
41. Rb7 Kg8 (41... Rxb7 $2 42. Rh8+ Ke7 43. Rxa8 Rb3 44. c4 $16) 42. Rbg7+
1/2-1/2